| 000 | 00759nam a22001817a 4500 | ||
|---|---|---|---|
| 005 | 20120604164315.0 | ||
| 008 | 120604s2006 le||||| |||| 00| 0 ara d | ||
| 020 | _a9789953371627 | ||
| 082 |
_222 _a610.78 _bت م ر |
||
| 245 |
_aتمريض صحة المجتمع / _cاعداد نخبة من أساتذة الجامعات في العالم العربي. |
||
| 260 |
_aبيروت : _bأكاديميا إنترناشيونال، _c2006. |
||
| 300 |
_a464 ص. ؛ _c24 سم. |
||
| 541 | _aDonation from Dr. Shahraze | ||
| 650 |
_929990 _aالصحة العامة |
||
| 653 |
_bNUR _cJune2012 |
||
| 942 |
_2ddc _cNRB |
||
| 999 |
_c16744 _d16744 |
||